000 00618nam a22001691i 4500
001 24052
090 _a24052
010 _a9789810047696
100 _a20170304u u u0frey50 ba
101 0 _aeng
200 1 _fMatthew Rolston
_aPhoto II
_ebest of graphis
215 _a77, [3] p.
_cmuito il.
_d30 cm
300 _aEdição trilingue inglês, alemão e francês. - Exemplar nÇ 0035470 oferta de Maria Paula Carpinteiro
700 1 _aRolston
_bMatthew
_4600
210 _cPage one publishing
_aSingapore
_dcop. 1993
996 _f0035470
_kROL
_m00000000
_n00000000
_aBMVAAL
_b3
_vAlcáçovas
_xFotografia
_y57
_eLivro
_10
_31
990 _cLIVROS